书目信息 |
| 题名: |
古文观止
|
|
| 作者: | 吴楚材 著 | |
| 分册: | ||
| 出版信息: | 南京 江苏凤凰美术出版社 2017 |
|
| 页数: | 384页 | |
| 开本: | 25cm | |
| 丛书名: | 中国传统文化经典荟萃 | |
| 单 册: | ||
| 中图分类: | H194.1 , I262 | |
| 科图分类: | ||
| 主题词: | 古典散文--Gu Dian San Wen--散文集--中国 | |
| 电子资源: | ||
| ISBN: | 978-7-5344-8520-6 | |
| 000 | 00794nam0 2200265 450 | |
| 001 | 012001004642 | |
| 005 | 20141124174703.0 | |
| 010 | @a978-7-5344-8520-6@dCNY49.80 | |
| 099 | @aCAL 012018183001 | |
| 100 | @a20181127d2017 ekmy0chiy50 ea | |
| 101 | 0 | @achi |
| 102 | @aCN@b320000 | |
| 105 | @ay z 000cy | |
| 106 | @ar | |
| 200 | 1 | @a古文观止@AGu Wen Guan Zhi@f(清) 吴楚材选编 |
| 210 | @a南京@c江苏凤凰美术出版社@d2017 | |
| 215 | @a384页@d25cm | |
| 225 | 2 | @a中国传统文化经典荟萃@AZhong Guo Chuan Tong Wen Hua Jing Dian Hui Cui |
| 410 | 0 | @12001 @a中国传统文化经典荟萃 |
| 606 | 0 | @a古典散文@AGu Dian San Wen@x散文集@y中国 |
| 690 | @aH194.1@v5 | |
| 690 | @aI262@v5 | |
| 701 | 0 | @a吴楚材@AWu Chu Cai@4著 |
| 801 | @b江苏凤凰@c20191020 | |
| 905 | @b1219995-20000@dH194.1@e469@f6 | |
| 古文观止/(清) 吴楚材选编.-南京:江苏凤凰美术出版社,2017 |
| 384页;25cm.-(中国传统文化经典荟萃) |
| ISBN 978-7-5344-8520-6:CNY49.80 |
| ● |
| 相关链接 |
|
|
|
|
正题名:古文观止
索取号:H194.1/469
 
预约/预借
| 序号 | 登录号 | 条形码 | 馆藏地/架位号 | 状态 | 备注 |
| 1 | 1219995 | 212199958 | 第二样本阅览室/ [索取号:H194.1/469] | 在馆 | |
| 2 | 1219996 | 212199967 | 教育系资料室/ [索取号:H194.1/469] | 在馆 | |
| 3 | 1219997 | 212199976 | 教育系资料室/ [索取号:H194.1/469] | 在馆 | |
| 4 | 1219998 | 212199985 | 教育系资料室/ [索取号:H194.1/469] | 在馆 | |
| 5 | 1219999 | 212199994 | 第四借阅区/ [索取号:H194.1/469] | 在馆 | |
| 6 | 1220000 | 212200009 | 第四借阅区/ [索取号:H194.1/469] | 在馆 |